Merrill's atlas of radiographic Positioning & procedures (Record no. 2671)

MARC details
000 -LEADER
fixed length control field 00424nam a22001577a 4500
008 - FIXED-LENGTH DATA ELEMENTS--GENERAL INFORMATION
fixed length control field 250325b |||||||| |||| 00| 0 eng d
020 ## - INTERNATIONAL STANDARD BOOK NUMBER
ISBN 9780323832847
100 ## - MAIN ENTRY--AUTHOR
Author Rollins Jeannean Hall
245 ## - TITLE STATEMENT
Title Merrill's atlas of radiographic Positioning & procedures
250 ## - EDITION STATEMENT
Edition statement 15th
260 ## - PUBLICATION, DISTRIBUTION, ETC. (IMPRINT)
Place of publication Missouri
Name of publisher Elsevier
Date of publication 2023
300 ## - COLLATION
Pagination v,598p
650 ## - TRACINGS
Main Subject Radiography Medical posting
942 ## - ADDED ENTRY ELEMENTS (KOHA)
Item type Books
050 ## - LIBRARY OF CONGRESS CALL NUMBER
Classification number RC78.4
Item number .R65
Holdings
Source of classification or shelving scheme Not for loan Permanent location Current location Date acquired Accession No. Full call number Barcode. Koha item type
Library of Congress Classification   Medical Library Medical Library 03/25/2025 2024/63828 RC78.4.R65 2025-0963 Books